Турбо-анализ банка (Запись № 1158243)

Подробности
000 -МАРКЕР
контрольное поле 02558nam0a2200421 4500
001 - ИДЕНТИФИКАТОР ЗАПИСИ
контрольное поле RU\NLR\bibl\1699500
005 - ИДЕНТИФИКАТОР ВЕРСИИ
контрольное поле 20260406083414.0
010 ## - МЕЖДУНАРОДНЫЙ СТАНДАРТНЫЙ НОМЕР КНИГИ (ISBN)
Номер (ISBN) 978-5-91134-451-1
Тираж 1000
021 ## - НОМЕР ГОСУДАРСТВЕННОЙ РЕГИСТРАЦИИ
Код страны российская федерация
Номер 2010-78899
Номер Листа государственной регистраци 5260
035 ## - ДРУГИЕ СИСТЕМНЫЕ НОМЕРА
Идентификатор записи (nilc)IZD\INFRA\2007\134150.01.01
035 ## - ДРУГИЕ СИСТЕМНЫЕ НОМЕРА
Идентификатор записи (NLR Aleph) 001690585
100 ## - ДАННЫЕ ОБЩЕЙ ОБРАБОТКИ
Данные общей обработки 20100719d2010 |||y0rusy50 ca
101 0# - ЯЗЫК РЕСУРСА
Язык текста, звукозаписи и т.д. русский
102 ## - СТРАНА ПУБЛИКАЦИИ ИЛИ ПРОИЗВОДСТВА
Страна публикации российская федерация
105 ## - ПОЛЕ КОДИРОВАННЫХ ДАННЫХ: ТЕКСТОВЫЕ МАТЕРИАЛЫ, МОНОГРАФИЧЕСКИЕ
Кодированные данные о монографическом текстовом документе a |||||||||
200 1# - ЗАГЛАВИЕ И СВЕДЕНИЯ ОБ ОТВЕТСТВЕННОСТИ
Основное заглавие Турбо-анализ банка
Параллельное заглавие Turbo-analysis of the Bank
Сведения, относящиеся к заглавию для подготовки экономистов по специальностям: "Финансы и кредит", "Налоги и налогообложение", "Бухгалтерский учет, анализ и аудит", бакалавров и магистров по направлениям "Экономика" и "Менеджмент"
Первые сведения об ответственности Е.Б. Герасимова
Язык параллельного заглавия английский
210 ## - ПУБЛИКАЦИЯ, РАСПРОСТРАНЕНИЕ И ДР.
Место издания, распространения и т.д. Москва
Имя издателя, распространителя и т. д. Форум
Дата издания, распространения и т.д. 2010
215 ## - ФИЗИЧЕСКАЯ ХАРАКТЕРИСТИКА
Специфическое обозначение материала и объем 383 с.
Другие сведения о физической характеристике ил.
Размеры 21
225 1# - СЕРИЯ
Основное заглавие серии Высшее образование
300 ## - ОБЩИЕ ПРИМЕЧАНИЯ
Текст примечания Авт. также на англ. яз.: Elena B. Gerasimova
320 ## - ПРИМЕЧАНИЯ О НАЛИЧИИ В ДОКУМЕНТЕ БИБЛИОГРАФИИ / УКАЗАТЕЛЯ
Текст примечания Библиогр.: с. 316-335
330 ## - РЕЗЮМЕ ИЛИ РЕФЕРАТ
Текст примечания В книге рассматривается новый подход к проведению анализа деятельности организации - турбулентный, который направлен на изучение причин возникновения неопределенности (т.е. турбулентности) в бизнес-процессах организации, выявление возможностей (резервов)
510 1# - ПАРАЛЛЕЛЬНОЕ ЗАГЛАВИЕ
Связь между полями z45790
Параллельное заглавие Turbo-analysis of the Bank
Язык заглавия английский
606 1# - НАИМЕНОВАНИЕ ТЕМЫ КАК ПРЕДМЕТ
Наименование темы Банки
Формальный подзаголовок Учебные издания для высших учебных заведений
Тематический подзаголовок Анализ хозяйственной деятельности
Системный номер авторитетной/нормативной записи 1100072
Идентификатор авторитетной/нормативной записи RU\NLR\auth\66113505
686 ## - ИНДЕКСЫ ДРУГИХ КЛАССИФИКАЦИЙ
Индекс 00921
-- Банковское дело
Код системы
686 ## - ИНДЕКСЫ ДРУГИХ КЛАССИФИКАЦИЙ
Индекс 65.053.526.210я73
Издание LBC/M
Код системы
686 ## - ИНДЕКСЫ ДРУГИХ КЛАССИФИКАЦИЙ
Индекс У26(2)210-24я73
700 #1 - ИМЯ ЛИЦА - ПЕРВИЧНАЯ ОТВЕТСТВЕННОСТЬ
Код отношения Автор
Материалы, к которым относится поле rus
Графика поля Кириллица
Начальный элемент ввода Герасимова
Часть имени, кроме начального элемента ввода Е. Б.
Дополнения к именам, кроме дат д-р экон. наук
Расширение инициалов личного имени Елена Борисовна
Идентификатор авторитетной/нормативной записи RU\NLR\auth\7750000
Системный номер авторитетной/нормативной записи 32935
790 #1 - ИМЯ ЛИЦА - АЛЬТЕРНАТИВНАЯ ФОРМА
Связь между полями z45510
Начальный элемент ввода Gerasimova
Часть имени, кроме начального элемента ввода E. B.
Расширение инициалов личного имени Elena Borisovna
Код отношения Автор
801 #0 - ИСТОЧНИК ЗАПИСИ
Страна российская федерация
Организация ЛИБНЕТ
Дата составления 20100719
Правила каталогизации RCR
801 #1 - ИСТОЧНИК ЗАПИСИ
Страна российская федерация
Организация ЛИБНЕТ
Дата составления 20100719
801 #2 - ИСТОЧНИК ЗАПИСИ
Страна российская федерация
Организация Владимирская ОУНБ
Дата составления 20100806
Источник данных rusmarc
801 #2 - ИСТОЧНИК ЗАПИСИ
Страна российская федерация
Организация NLR
Дата составления 20101113
Правила каталогизации rcr
830 ## - ОБЩЕЕ ПРИМЕЧАНИЕ, СОСТАВЛЕННОЕ КАТАЛОГИЗАТОРОМ
Текст примечания CODE_OF_LIBNET\000053600
942 ## - ДОПОЛНИТЕЛЬНЫЕ ЭЛЕМЕНТЫ ЗАПИСИ (АБИС)
Тип экземпляра АБИС Книга
980 ## - КОЛЛЕКЦИЯ
Название коллекции Национальная библиография
Экземпляры
Тип экземпляра Дата поступления Источник поступления Библиотека постоянного хранения Библиотека текущего хранения Место хранения Шифр хранения Штрих-код Статус не для выдачи Стоимость
Книга 13.11.2010 Обязательный экземпляр РНБ (Московский) РНБ (Московский) Русский книжный фонд: издания с 1957 года, 8этаж 2010-3/37142 1-760777    
Книга 13.11.2010 Обязательный экземпляр РНБ (Московский) РНБ (Московский) Русский книжный фонд: издания с 1957 года, 8этаж 2010-3/37142 3291863    
Книга 25.11.2011 Покупка РНБ (Московский) РНБ (Московский) Фонд общего зала социально-экономической литературы С1 У26(2)21/Г-370 1-353211   456.00